000 00364nam a22001457a 4500
008 230718b ||||| |||| 00| 0 eng d
020 _a9780070542112
041 _aeng
080 _2SECOND EDITION
_a159.9
082 _a159.9RUB
100 _a25
101 _aPSI
245 _aSOCIAL CONFLICT ESCALATION STALEMATE AND SETTLEMENT
_cRUBIN .Z J
942 _2udc
_cBK
999 _c60163
_d60163